[Event "Belgrade Radnicki IM 2nd 03"]
[Site "Belgrade"]
[Date "2024.03.23"]
[Round "3"]
[White "Rydstrom, Tom"]
[Black "Ramoutar, Alan Safar"]
[Result "0-1"]
[WhiteElo "2254"]
[BlackElo "2336"]
[PlyCount "44"]
[EventDate "2024.03.21"]
[EventType "tourn"]
[EventRounds "9"]
[EventCountry "SRB"]
[SourceTitle "CB15_2024"]
[SourceDate "2024.04.10"]
[SourceVersion "1"]
[SourceVersionDate "2024.04.10"]
[SourceQuality "1"]

1. e4 c6 2. d4 d5 3. e5 Bf5 4. Nc3 e6 5. g4 Bg6 6. Nge2 c5 7. h4 h5 8. Nf4 Bh7 9. Nxh5 Nc6 10. Be3 a6 11. Bd3 cxd4 12. Bxd4 g6 13. g5 Nxd4 14. Nf6+ Nxf6 15. exf6 Qd6 16. Rh3 Qf4 17. Qc1 Qg4 18. Qe3 Qg1+ 19. Kd2 Qxa1 20. Qxd4 Qxb2 21. Qa4+ Kd8 22. Qa5+ b6 0-1

[Event "Gothenburg Manhem"]
[Site "Gothenburg"]
[Date "2022.08.11"]
[Round "8"]
[White "Rydstrom, Tom"]
[Black "Olsson, William"]
[Result "1-0"]
[WhiteElo "2304"]
[BlackElo "2311"]
[PlyCount "103"]
[EventDate "2022.08.06"]
[EventType "tourn"]
[EventRounds "9"]
[EventCountry "SWE"]
[EventCategory "4"]
[SourceTitle "CBM 209 Extra"]
[Source "ChessBase"]
[SourceDate "2022.09.30"]
[SourceVersion "1"]
[SourceVersionDate "2022.09.30"]
[SourceQuality "1"]

1. e4 c5 2. Nf3 d6 3. d4 cxd4 4. Nxd4 Nf6 5. Nc3 g6 6. Be3 Bg7 7. f3 Nc6 8. Qd2 0-0 9. Bc4 Bd7 10. h4 h5 11. 0-0-0 Rc8 12. Nxc6 Bxc6 13. Bb3 b5 14. Bxa7 Qa5 15. Bd4 e5 16. Be3 b4 17. Nd5 Nxd5 18. Bxd5 Ba4 19. b3 Bc6 20. a4 Bxa4 21. bxa4 Qxa4 22. c4 bxc3 23. Qa2 Qb5 24. Qb3 Qe2 25. Rhe1 Qxg2 26. Qc2 Qxf3 27. Qe2 Qh3 28. Rg1 Kh7 29. Rgf1 Rc7 30. Rf3 Qd7 31. Rdf1 Qa4 32. Qa2 Qb5 33. Qb3 Qa6 34. Bxf7 Rb7 35. Qa2 Qd3 36. Qc2 Qa6 37. Qa2 Qd3 38. Qc2 Qa6 39. Qa2 Qd3 40. Bg5 Qxe4 41. Qc2 Qxc2+ 42. Kxc2 Rb2+ 43. Kd3 Rc8 44. Rg3 c2 45. Bc1 e4+ 46. Ke2 Rb7 47. Bxg6+ Kh8 48. Rg5 Bb2 49. Bxe4 Re8 50. Kd3 Bxc1 51. Rxh5+ Kg8 52. Bxb7 1-0

[Event "Gothenburg Manhem"]
[Site "Gothenburg"]
[Date "2022.08.10"]
[Round "7"]
[White "Ingebretsen, Jens E"]
[Black "Rydstrom, Tom"]
[Result "1-0"]
[WhiteElo "2325"]
[BlackElo "2304"]
[PlyCount "65"]
[EventDate "2022.08.06"]
[EventType "tourn"]
[EventRounds "9"]
[EventCountry "SWE"]
[EventCategory "4"]
[SourceTitle "CBM 209 Extra"]
[Source "ChessBase"]
[SourceDate "2022.09.30"]
[SourceVersion "1"]
[SourceVersionDate "2022.09.30"]
[SourceQuality "1"]

1. c4 e5 2. Nc3 Nc6 3. Nf3 Bb4 4. g3 d6 5. Bg2 f5 6. Nd5 a5 7. 0-0 Nf6 8. d4 Nxd5 9. cxd5 Nxd4 10. Nxd4 exd4 11. Qxd4 0-0 12. Qd3 Bd7 13. Be3 b6 14. Rfc1 Bc5 15. Bd2 Qe8 16. e3 Qh5 17. b3 f4 18. exf4 Bf5 19. Qc4 Qg6 20. a3 Bd3 21. Qc3 Rfe8 22. b4 Bxf2+ 23. Kxf2 Re2+ 24. Kg1 Be4 25. Bf1 Qh5 26. h3 Bxd5 27. g4 Qe8 28. Qd3 Qe4 29. Qxe4 Rxe4 30. Rxc7 axb4 31. Bg2 Rd4 32. Bxd5+ Rxd5 33. Bxb4 1-0

[Event "Gothenburg Manhem"]
[Site "Gothenburg"]
[Date "2022.08.07"]
[Round "3"]
[White "Heimisson, Hilmir Freyr"]
[Black "Rydstrom, Tom"]
[Result "1-0"]
[WhiteElo "2323"]
[BlackElo "2304"]
[PlyCount "53"]
[EventDate "2022.08.06"]
[EventType "tourn"]
[EventRounds "9"]
[EventCountry "SWE"]
[EventCategory "4"]
[SourceTitle "CBM 209 Extra"]
[Source "ChessBase"]
[SourceDate "2022.09.30"]
[SourceVersion "1"]
[SourceVersionDate "2022.09.30"]
[SourceQuality "1"]

1. d4 c5 2. d5 e5 3. c4 d6 4. Nc3 Be7 5. e4 Bg5 6. Bd3 Bxc1 7. Rxc1 Ne7 8. Nge2 0-0 9. 0-0 Ng6 10. Qd2 Na6 11. a3 Nc7 12. b4 b6 13. Rb1 Qf6 14. Ng3 Nf4 15. Nce2 g6 16. f3 g5 17. Rb2 Kh8 18. Nc3 Rg8 19. Nd1 h5 20. Ne3 Ne8 21. Rb3 Bd7 22. Ngf5 Ng7 23. g3 Ng6 24. Qg2 Nxf5 25. exf5 Ne7 26. Qh3 Rg7 27. Ng4 1-0

[Event "Gothenburg Manhem"]
[Site "Gothenburg"]
[Date "2022.08.06"]
[Round "1"]
[White "Rydstrom, Tom"]
[Black "Mitusov, Semen"]
[Result "1/2-1/2"]
[WhiteElo "2304"]
[BlackElo "2415"]
[PlyCount "85"]
[EventDate "2022.08.06"]
[EventType "tourn"]
[EventRounds "9"]
[EventCountry "SWE"]
[EventCategory "4"]
[SourceTitle "CBM 209 Extra"]
[Source "ChessBase"]
[SourceDate "2022.09.30"]
[SourceVersion "1"]
[SourceVersionDate "2022.09.30"]
[SourceQuality "1"]

1. e4 e5 2. Nf3 Nc6 3. Bc4 Bc5 4. d3 Nf6 5. Nbd2 d6 6. c3 a6 7. Bb3 h6 8. Nf1 0-0 9. h3 Be6 10. g4 Nh7 11. Ng3 Bb6 12. Qe2 d5 13. Nf5 dxe4 14. dxe4 Na5 15. Qc2 Nxb3 16. axb3 Re8 17. Bd2 Qd7 18. 0-0-0 Qb5 19. c4 Qc5 20. Rhf1 f6 21. Kb1 Qc6 22. Bb4 Bc5 23. Bxc5 Qxc5 24. h4 b5 25. Ne3 a5 26. g5 hxg5 27. hxg5 Nxg5 28. Nxg5 fxg5 29. Rg1 a4 30. b4 Qxb4 31. Rxg5 a3 32. Rdg1 Re7 33. Rxe5 bxc4 34. Qc3 Qxc3 35. bxc3 c6 36. Ka2 Kf7 37. f4 Rae8 38. Rc5 Kf8 39. e5 Rf7 40. Rf1 Bd5 41. Nxd5 cxd5 42. Rxd5 Rf5 43. Rc5 1/2-1/2

[Event "Helsingor Kronborg Master-1"]
[Site "Helsingor"]
[Date "2022.05.26"]
[Round "2"]
[White "Larsen, Ole Bogh"]
[Black "Rydstrom, Tom"]
[Result "0-1"]
[WhiteElo "2277"]
[BlackElo "2300"]
[PlyCount "61"]
[EventDate "2022.05.26"]
[EventType "tourn"]
[EventRounds "7"]
[EventCountry "DEN"]
[SourceTitle "CBM 208 Extra"]
[Source "ChessBase"]
[SourceDate "2022.07.31"]
[SourceVersion "1"]
[SourceVersionDate "2022.07.31"]
[SourceQuality "1"]

1. d4 g6 2. e4 Bg7 3. Nf3 d6 4. c3 Nd7 5. Bc4 e6 6. 0-0 Ne7 7. Re1 0-0 8. Nbd2 b6 9. a4 a6 10. Nf1 Bb7 11. h3 h6 12. N1h2 Kh7 13. Qd3 c5 14. Ng4 Qc7 15. Ba2 b5 16. Bf4 e5 17. Be3 f5 18. exf5 gxf5 19. dxe5 dxe5 20. Be6 Rad8 21. Bxh6 Bxh6 22. Nxh6 Kxh6 23. Nh4 e4 24. Qd2+ f4 25. Rad1 Ne5 26. Nf5+ Kh7 27. Nd6 Rf6 28. Nxb5 Rxd2 29. Nxc7 Rxb2 30. Rd6 e3 31. fxe3 0-1

[Event "Budapest FS03 IM"]
[Site "Budapest"]
[Date "2020.03.16"]
[Round "9"]
[White "Rydstrom, Tom"]
[Black "Jacobsen, Mikkel Manosri"]
[Result "1/2-1/2"]
[WhiteElo "2248"]
[BlackElo "2328"]
[PlyCount "25"]
[EventDate "2020.03.07"]
[EventType "tourn"]
[EventRounds "9"]
[EventCountry "HUN"]
[SourceTitle "CBM 195 Extra"]
[Source "ChessBase"]
[SourceDate "2020.05.31"]
[SourceVersion "1"]
[SourceVersionDate "2020.05.31"]
[SourceQuality "1"]

1. Nf3 Nf6 2. g3 g6 3. Bg2 Bg7 4. c4 c5 5. 0-0 0-0 6. Nc3 Nc6 7. e4 d6 8. d3 a6 9. Be3 Ng4 10. Bc1 Nf6 11. Be3 Ng4 12. Bc1 Nf6 13. Be3 1/2-1/2

[Event "Uppsala GM"]
[Site "Uppsala"]
[Date "2019.10.28"]
[Round "6"]
[White "Rydstrom, Tom"]
[Black "Peng, Li Min"]
[Result "0-1"]
[WhiteElo "2322"]
[BlackElo "2454"]
[PlyCount "68"]
[EventDate "2019.10.25"]
[EventType "tourn"]
[EventRounds "9"]
[EventCountry "SWE"]
[EventCategory "6"]
[SourceTitle "CBM 192 Extra"]
[Source "Chessbase"]
[SourceDate "2019.11.06"]
[SourceVersion "1"]
[SourceVersionDate "2019.11.06"]
[SourceQuality "1"]

1. e4 e6 2. d4 d5 3. Nc3 Bb4 4. e5 Ne7 5. a3 Bxc3+ 6. bxc3 c5 7. Qg4 cxd4 8. Qxg7 Rg8 9. Qxh7 Qc7 10. Ne2 Nbc6 11. f4 dxc3 12. h4 d4 13. h5 Bd7 14. Qd3 0-0-0 15. h6 Kb8 16. Rb1 Bc8 17. Ng3 f6 18. exf6 Nd5 19. h7 Rh8 20. Rh6 e5 21. Qg6 exf4 22. Ne4 Ne3 23. Bxe3 dxe3 24. Bd3 Ne5 25. Qg7 Nxd3+ 26. cxd3 Qa5 27. Ke2 c2 28. Ra1 Qb5 29. f7 Qxd3+ 30. Kf3 Qd1+ 31. Kxf4 c1Q 32. Rxc1 Qxc1 33. Kf3 Qf1+ 34. Kxe3 Rd3# 0-1

[Event "SWE-chT 1920 Elite"]
[Site "Sweden"]
[Date "2019.10.20"]
[Round "3.5"]
[White "Rydstrom, Tom"]
[Black "Norberg, Johan"]
[Result "1-0"]
[WhiteElo "2322"]
[BlackElo "2315"]
[PlyCount "77"]
[EventDate "2019.10.18"]
[EventType "team-tourn"]
[EventRounds "9"]
[EventCountry "SWE"]
[SourceTitle "CBM 194 Extra"]
[Source "ChessBase"]
[SourceDate "2020.03.31"]
[SourceVersion "1"]
[SourceVersionDate "2020.03.31"]
[SourceQuality "1"]
[WhiteTeam "Vaxjo"]
[BlackTeam "Vasteras"]
[WhiteTeamCountry "SWE"]
[BlackTeamCountry "SWE"]

1. e4 g6 2. d4 Bg7 3. Nc3 d6 4. Be3 a6 5. Qd2 Nd7 6. h4 h5 7. Nh3 b5 8. Ng5 Bb7 9. 0-0-0 Rc8 10. Kb1 c5 11. f3 Qa5 12. dxc5 Nxc5 13. Bd4 Nf6 14. a3 Qc7 15. Be2 0-0 16. g4 e5 17. Be3 Rfd8 18. gxh5 Nxh5 19. f4 exf4 20. Bd4 d5 21. Bxg7 Nxg7 22. Nxd5 Bxd5 23. exd5 Qe5 24. Bg4 Ne4 25. Qd4 Qxd4 26. Rxd4 Rc4 27. Rhd1 Ne8 28. h5 N8f6 29. hxg6 fxg6 30. Be6+ Kg7 31. d6 Rxd4 32. Rxd4 Nc5 33. b4 Na4 34. Bh3 Re8 35. Ne6+ Kh6 36. Rxf4 Nc3+ 37. Kb2 Ncd5 38. Rh4+ Nh5 39. d7 1-0

[Event "Lvov Tradition IM 09"]
[Site "Lvov"]
[Date "2019.09.28"]
[Round "9"]
[White "Gavrish, Leonid"]
[Black "Rydstrom, Tom"]
[Result "1-0"]
[WhiteElo "2022"]
[BlackElo "2322"]
[PlyCount "111"]
[EventDate "2019.09.23"]
[EventType "tourn"]
[EventRounds "9"]
[EventCountry "UKR"]
[SourceTitle "EXT 2020"]
[Source "ChessBase"]
[SourceDate "2019.10.17"]
[SourceVersion "1"]
[SourceVersionDate "2019.10.17"]
[SourceQuality "1"]

1. d4 d5 2. c4 c6 3. cxd5 cxd5 4. Nc3 e5 5. Nf3 e4 6. Ne5 Nc6 7. Nxc6 bxc6 8. Bf4 Nf6 9. e3 Bd6 10. Bxd6 Qxd6 11. Be2 0-0 12. 0-0 Re8 13. Na4 Bf5 14. Nc5 Nd7 15. Rc1 Nxc5 16. Rxc5 Re6 17. Bg4 Rh6 18. g3 Bd7 19. Bxd7 Qxd7 20. f4 exf3 21. Qxf3 Re8 22. Rc3 Rf6 23. Qg2 Rfe6 24. Qf3 Qe7 25. Rfc1 h5 26. Re1 h4 27. Kg2 Rf6 28. Qg4 Rg6 29. Qf5 Qd6 30. Rf1 Rf6 31. Qg4 Rh6 32. Qf5 Qe7 33. Rf4 Rb8 34. b3 Re8 35. Rxh4 Rxh4 36. gxh4 g6 37. Qf4 Qd7 38. h3 Kg7 39. h5 Rh8 40. Qg4 Qd6 41. Qg3 Qd7 42. hxg6 f6 43. Qg4 f5 44. Qf4 Re8 45. b4 Re4 46. Qg5 f4 47. exf4 Re2+ 48. Kg3 Re1 49. Kf2 Qe6 50. Qg4 Qe8 51. f5 Re4 52. f6+ Kxf6 53. Rf3+ Kg7 54. Rf7+ Kg8 55. Qh5 Re2+ 56. Qxe2 1-0

[Event "Lvov Tradition IM 09"]
[Site "Lvov"]
[Date "2019.09.26"]
[Round "7"]
[White "Siniauski, Artsiom"]
[Black "Rydstrom, Tom"]
[Result "1/2-1/2"]
[WhiteElo "2233"]
[BlackElo "2322"]
[PlyCount "131"]
[EventDate "2019.09.23"]
[EventType "tourn"]
[EventRounds "9"]
[EventCountry "UKR"]
[SourceTitle "EXT 2020"]
[Source "ChessBase"]
[SourceDate "2019.10.17"]
[SourceVersion "1"]
[SourceVersionDate "2019.10.17"]
[SourceQuality "1"]

1. e4 e5 2. Nf3 Nc6 3. Bb5 a6 4. Ba4 Nf6 5. 0-0 Be7 6. Re1 b5 7. Bb3 d6 8. c3 0-0 9. h3 Na5 10. Bc2 c5 11. d4 Qc7 12. Nbd2 Bd7 13. d5 c4 14. Nf1 Nb7 15. Ng3 Rfe8 16. Nh2 Nc5 17. Ng4 Nxg4 18. hxg4 Qd8 19. Be3 Rc8 20. Nf5 Bxf5 21. exf5 Bg5 22. Qd2 h6 23. g3 e4 24. Kg2 Re5 25. Qd4 Nd3 26. Re2 Bxe3 27. Rxe3 Rc5 28. Rxe4 Rcxd5 29. Qe3 Rxe4 30. Qxe4 Re5 31. Bxd3 Rxe4 32. Bxe4 Qg5 33. Rd1 Qxg4 34. f3 Qg5 35. Rxd6 h5 36. Kh3 a5 37. Rb6 Qc1 38. Rb8+ Kh7 39. f6+ g6 40. Kh4 Qh1+ 41. Kg5 Qh2 42. Bxg6+ fxg6 43. Rb7+ Kg8 44. Rb8+ Kf7 45. Rb7+ Ke8 46. Rb8+ Kd7 47. Kh6 Qxg3 48. Rb7+ Kc6 49. Re7 Qxf3 50. Kg7 Kd6 51. Re8 b4 52. cxb4 c3 53. bxc3 Qxc3 54. bxa5 Kc7 55. a6 Kb6 56. Re6+ Ka7 57. Kh7 Qc8 58. f7 Qxe6 59. f8Q Qf5 60. Qe7+ Kxa6 61. Kh6 Kb6 62. Qb4+ Qb5 63. Qd4+ Qc5 64. Qb2+ Ka5 65. Kxg6 h4 66. Qh2 1/2-1/2

[Event "Lvov Tradition IM 09"]
[Site "Lvov"]
[Date "2019.09.25"]
[Round "4"]
[White "Rydstrom, Tom"]
[Black "Frolov, Artur"]
[Result "1/2-1/2"]
[WhiteElo "2322"]
[BlackElo "2425"]
[PlyCount "85"]
[EventDate "2019.09.23"]
[EventType "tourn"]
[EventRounds "9"]
[EventCountry "UKR"]
[SourceTitle "EXT 2020"]
[Source "ChessBase"]
[SourceDate "2019.10.17"]
[SourceVersion "1"]
[SourceVersionDate "2019.10.17"]
[SourceQuality "1"]

1. e4 e5 2. Nf3 Nc6 3. Bc4 Bc5 4. d3 Nf6 5. Nbd2 0-0 6. 0-0 d6 7. c3 a6 8. Bb3 Ba7 9. Re1 Ne7 10. Nf1 Ng6 11. Ng3 c5 12. h3 Be6 13. Be3 Re8 14. Ng5 h6 15. Nxe6 fxe6 16. d4 cxd4 17. cxd4 Kh7 18. Qd2 Qe7 19. Rad1 Rac8 20. Qd3 exd4 21. Bxd4 Bxd4 22. Qxd4 Rc6 23. Qd3 Nd7 24. Qe3 Rf8 25. Ne2 e5 26. Bd5 Rc7 27. Rc1 Rxc1 28. Rxc1 Nf6 29. Bb3 Qd7 30. Qb6 Rc8 31. Rxc8 Qxc8 32. Qxd6 Nxe4 33. Qd3 Nf6 34. Ng3 Qc1+ 35. Kh2 Qf4 36. Bc2 e4 37. Qe3 Qe5 38. Qc3 Qf4 39. Qe3 Qe5 40. Bxe4 Nxe4 41. Qxe4 Qxb2 42. h4 Qf6 43. Qxb7 1/2-1/2

[Event "Gothenburg op"]
[Site "Gothenburg"]
[Date "2019.08.18"]
[Round "7"]
[White "Le, Quang Long"]
[Black "Rydstrom, Tom"]
[Result "1-0"]
[WhiteElo "2411"]
[BlackElo "2314"]
[PlyCount "105"]
[EventDate "2019.08.16"]
[EventType "swiss"]
[EventRounds "8"]
[EventCountry "SWE"]
[SourceTitle "CBM 191 Extra"]
[Source "ChessBase"]
[SourceDate "2019.09.30"]
[SourceVersion "1"]
[SourceVersionDate "2019.09.30"]
[SourceQuality "1"]

1. Nf3 d5 2. g3 Nc6 3. Bg2 e5 4. d3 Be6 5. 0-0 Qd7 6. Nc3 f6 7. e4 d4 8. Ne2 0-0-0 9. Ne1 g5 10. c3 Bh3 11. cxd4 Bxg2 12. Kxg2 exd4 13. Qa4 h5 14. h3 Nge7 15. b4 Kb8 16. Bb2 a6 17. Nc2 h4 18. g4 f5 19. f3 fxg4 20. fxg4 Bg7 21. b5 Na7 22. Rf7 Be5 23. Qb4 Bd6 24. Qxd4 Qxb5 25. Qc3 Rhf8 26. Raf1 Rxf7 27. Rxf7 Nac6 28. Qb3 Qxb3 29. axb3 Ng6 30. d4 Nf4+ 31. Nxf4 Bxf4 32. d5 Na5 33. Nd4 Re8 34. Ne6 Nxb3 35. Nxf4 gxf4 36. e5 Nc5 37. Ba3 Nd3 38. e6 Kc8 39. Rf6 b5 40. Rf8 Rxf8 41. Bxf8 b4 42. g5 b3 43. Ba3 Ne5 44. Bb2 f3+ 45. Kf1 Ng6 46. Kf2 Kb7 47. Kxf3 Kb6 48. Ke4 Kc5 49. Ba3+ Kc4 50. Kf5 Ne7+ 51. Kf6 Nxd5+ 52. Kf7 c5 53. g6 1-0

[Event "Gothenburg op"]
[Site "Gothenburg"]
[Date "2019.08.18"]
[Round "8"]
[White "Rydstrom, Tom"]
[Black "Carlsson, Ludvig"]
[Result "1-0"]
[WhiteElo "2314"]
[BlackElo "2234"]
[PlyCount "137"]
[EventDate "2019.08.16"]
[EventType "swiss"]
[EventRounds "8"]
[EventCountry "SWE"]
[SourceTitle "CBM 191 Extra"]
[Source "ChessBase"]
[SourceDate "2019.09.30"]
[SourceVersion "1"]
[SourceVersionDate "2019.09.30"]
[SourceQuality "1"]

1. e4 c5 2. Nf3 d6 3. d4 cxd4 4. Nxd4 Nf6 5. Nc3 g6 6. Be3 Bg7 7. f3 0-0 8. Bc4 Nc6 9. Qd2 Bd7 10. g4 Ne5 11. Be2 Rc8 12. h4 Nc4 13. Bxc4 Rxc4 14. 0-0-0 Qb8 15. h5 Rfc8 16. Kb1 Rxc3 17. bxc3 Qc7 18. hxg6 hxg6 19. Bh6 Qxc3 20. Bxg7 Qxd2 21. Rxd2 Kxg7 22. Kb2 Rc4 23. Ne2 Rb4+ 24. Ka1 Ra4 25. e5 Ne8 26. Nc3 Ra5 27. Rdh2 e6 28. g5 Kf8 29. exd6 Nxd6 30. Rd1 Nb5 31. Rxd7 Nxc3 32. Kb2 Na4+ 33. Kc1 Rxg5 34. Rxb7 a6 35. Ra7 Nc5 36. Kd2 Rf5 37. Rh8+ Kg7 38. Rc8 g5 39. Ke3 Kg6 40. c4 Kh5 41. Kd4 Na4 42. Rxa6 Rf4+ 43. Ke3 Nb2 44. c5 Nc4+ 45. Ke2 Rd4 46. c6 Rd2+ 47. Ke1 Kh4 48. Ra4 Rc2 49. Kd1 Rc3 50. c7 Kg3 51. Rb4 Kf2 52. Rb3 Ne3+ 53. Kd2 Rc2+ 54. Kd3 Rc5 55. a4 f5 56. Kd4 Rd5+ 57. Kc3 Rc5+ 58. Kb4 Rxc7 59. Rxc7 Nd5+ 60. Kc5 Nxc7 61. Kd6 g4 62. fxg4 fxg4 63. Kxc7 e5 64. a5 e4 65. a6 e3 66. a7 e2 67. Rb2 Kf1 68. a8Q e1N 69. Qh1# 1-0

[Event "Gothenburg Manhem-B"]
[Site "Gothenburg"]
[Date "2019.08.16"]
[Round "9"]
[White "Rydstrom, Tom"]
[Black "Borsuk, Konstantin"]
[Result "1-0"]
[WhiteElo "2314"]
[BlackElo "2372"]
[PlyCount "140"]
[EventDate "2019.08.10"]
[EventType "tourn"]
[EventRounds "9"]
[EventCountry "SWE"]
[EventCategory "2"]
[SourceTitle "CBM 191 Extra"]
[Source "ChessBase"]
[SourceDate "2019.09.30"]
[SourceVersion "1"]
[SourceVersionDate "2019.09.30"]
[SourceQuality "1"]

1. e4 e6 2. d4 d5 3. Nc3 Bb4 4. e5 b6 5. Qg4 Bf8 6. Nf3 Qd7 7. h4 Ba6 8. Bxa6 Nxa6 9. 0-0 h5 10. Qf4 Nh6 11. a4 Nb4 12. Qd2 a6 13. Ne2 c5 14. c3 Nc6 15. Ng3 Ng4 16. Qe2 c4 17. Bg5 g6 18. Nd2 Rc8 19. b3 b5 20. axb5 axb5 21. bxc4 bxc4 22. Rfb1 Bg7 23. Ngf1 0-0 24. f3 Ngxe5 25. dxe5 Nxe5 26. Be3 Nd3 27. Bd4 e5 28. Bf2 Ra8 29. Ne3 f5 30. Nc2 Bf6 31. Ne1 Nxf2 32. Qxf2 Rxa1 33. Rxa1 e4 34. fxe4 fxe4 35. Qg3 Qf5 36. Nc2 Be5 37. Qe3 Bf4 38. Qd4 Qe5 39. Qxe5 Bxe5 40. Nd4 Bg3 41. Nf1 Bf2+ 42. Kh2 Rb8 43. Ra2 Be1 44. Rc2 Bxh4 45. Ne3 Bf6 46. Nxd5 Bxd4 47. cxd4 Rd8 48. Nf4 Rxd4 49. Nxg6 e3 50. Ne5 Re4 51. Nf3 Kg7 52. Kg1 h4 53. Kf1 Kh6 54. Ke2 Kh5 55. Nh2 Kg5 56. Rc1 Kf4 57. Nf1 Ke5 58. Nxe3 h3 59. gxh3 Rh4 60. Rh1 Ke4 61. Nxc4 Kf4 62. Kf2 Rh8 63. Ne3 Ra8 64. Ng2+ Ke4 65. Re1+ Kf5 66. Kf3 Rh8 67. h4 Ra8 68. Rd1 Ra3+ 69. Ne3+ Kg6 70. Rd5 Kh6 1-0

[Event "Gothenburg op"]
[Site "Gothenburg"]
[Date "2019.08.16"]
[Round "1"]
[White "Westergren, Bertil"]
[Black "Rydstrom, Tom"]
[Result "0-1"]
[WhiteElo "1836"]
[BlackElo "2314"]
[PlyCount "64"]
[EventDate "2019.08.16"]
[EventType "swiss"]
[EventRounds "8"]
[EventCountry "SWE"]
[SourceTitle "CBM 191 Extra"]
[Source "ChessBase"]
[SourceDate "2019.09.30"]
[SourceVersion "1"]
[SourceVersionDate "2019.09.30"]
[SourceQuality "1"]

1. d4 b6 2. c4 Bb7 3. Nc3 e6 4. e3 f5 5. Bd3 Nf6 6. Nge2 g6 7. f3 Bg7 8. 0-0 0-0 9. e4 d6 10. Qc2 Nc6 11. a3 fxe4 12. fxe4 Ng4 13. d5 Rxf1+ 14. Kxf1 Nd4 15. Nxd4 Bxd4 16. h3 Qh4 17. Nd1 Rf8+ 18. Ke2 Ne5 19. Be3 Bxe3 20. Kxe3 exd5 21. cxd5 Qg5+ 22. Kd4 c5+ 23. Kc3 c4 24. Be2 Qxg2 25. Bg4 Qg3+ 26. Kb4 a5+ 27. Kb5 Qg1 28. b4 cxb3 29. Be6+ Kh8 30. Qxb3 Qc5+ 31. Ka4 Qd4+ 32. Kb5 Qxa1 0-1

[Event "Gothenburg Manhem-B"]
[Site "Gothenburg"]
[Date "2019.08.15"]
[Round "8"]
[White "Fries Nielsen, Jens Ove"]
[Black "Rydstrom, Tom"]
[Result "1-0"]
[WhiteElo "2351"]
[BlackElo "2314"]
[PlyCount "49"]
[EventDate "2019.08.10"]
[EventType "tourn"]
[EventRounds "9"]
[EventCountry "SWE"]
[EventCategory "2"]
[SourceTitle "CBM 191 Extra"]
[Source "ChessBase"]
[SourceDate "2019.09.30"]
[SourceVersion "1"]
[SourceVersionDate "2019.09.30"]
[SourceQuality "1"]

1. d4 d5 2. b3 Nf6 3. Ba3 g6 4. e3 Bg7 5. Nf3 0-0 6. c4 c6 7. Bd3 Re8 8. 0-0 Bg4 9. Nbd2 Nbd7 10. cxd5 cxd5 11. Qb1 e5 12. dxe5 Ne4 13. Nxe4 dxe4 14. Bxe4 Nxe5 15. Nd4 f5 16. Bxb7 Rb8 17. Bc6 f4 18. Bxe8 f3 19. Bc6 Qg5 20. Bd5+ Kh8 21. Qe4 Re8 22. Qf4 Qh5 23. Bxf3 g5 24. Qg3 Bxf3 25. gxf3 1-0

[Event "Gothenburg Manhem-B"]
[Site "Gothenburg"]
[Date "2019.08.14"]
[Round "6"]
[White "Ornstein, Axel"]
[Black "Rydstrom, Tom"]
[Result "1-0"]
[WhiteElo "2311"]
[BlackElo "2314"]
[PlyCount "119"]
[EventDate "2019.08.10"]
[EventType "tourn"]
[EventRounds "9"]
[EventCountry "SWE"]
[EventCategory "2"]
[SourceTitle "CBM 191 Extra"]
[Source "ChessBase"]
[SourceDate "2019.09.30"]
[SourceVersion "1"]
[SourceVersionDate "2019.09.30"]
[SourceQuality "1"]

1. d4 Nf6 2. c4 e6 3. Nc3 Bb4 4. e3 0-0 5. Nge2 c6 6. a3 Ba5 7. Ng3 d5 8. Be2 Nbd7 9. 0-0 e5 10. dxe5 Nxe5 11. b4 Bc7 12. cxd5 cxd5 13. f4 Nc6 14. Bf3 d4 15. Na4 Re8 16. b5 Na5 17. exd4 Be6 18. Nc5 Bc4 19. Rf2 Bb6 20. Bb2 Nd5 21. a4 Qe7 22. Be4 Rad8 23. Qf3 Nf6 24. Nf5 Qc7 25. Bc2 Bd5 26. Qg3 g6 27. Ne3 Rxe3 28. Qxe3 Ng4 29. Qe2 Nxf2 30. Qxf2 Nc4 31. Bc3 Qd6 32. Re1 Bc7 33. Nd3 b6 34. Bb4 Qd7 35. Re7 Qc8 36. Ne5 Nd6 37. f5 g5 38. Nc6 Re8 39. Qe3 Bxc6 40. bxc6 Rxe7 41. Qxe7 Nxf5 42. Qxg5+ Ng7 43. d5 Qe8 44. Qe7 Qxe7 45. Bxe7 Ne8 46. Bh4 Kg7 47. Kf2 Nf6 48. Bb3 Kg6 49. Kf3 Ne8 50. Bc2+ Kg7 51. Bf2 h5 52. Bd4+ Kf8 53. h4 Ke7 54. g4 hxg4+ 55. Kxg4 Nf6+ 56. Bxf6+ Kxf6 57. h5 Be5 58. h6 Ke7 59. Kf5 Bc3 60. c7 1-0

[Event "Gothenburg Manhem-B"]
[Site "Gothenburg"]
[Date "2019.08.12"]
[Round "4"]
[White "Hill, Alistair"]
[Black "Rydstrom, Tom"]
[Result "1-0"]
[WhiteElo "2224"]
[BlackElo "2314"]
[PlyCount "119"]
[EventDate "2019.08.10"]
[EventType "tourn"]
[EventRounds "9"]
[EventCountry "SWE"]
[EventCategory "2"]
[SourceTitle "CBM 191 Extra"]
[Source "ChessBase"]
[SourceDate "2019.09.30"]
[SourceVersion "1"]
[SourceVersionDate "2019.09.30"]
[SourceQuality "1"]

1. g3 e5 2. c4 Nc6 3. Nc3 Bc5 4. Bg2 a6 5. e3 d6 6. Nge2 Ba7 7. d4 Nf6 8. 0-0 0-0 9. b3 Re8 10. Bb2 Bf5 11. Nd5 e4 12. Nec3 Nxd5 13. Nxd5 Ne7 14. Qh5 Bg6 15. Nxe7+ Qxe7 16. Qa5 Bb6 17. Qc3 d5 18. c5 Ba7 19. c6 b5 20. b4 Bb6 21. a4 h5 22. axb5 axb5 23. Rxa8 Rxa8 24. Ra1 Rd8 25. Bf1 h4 26. Bxb5 Bh5 27. Bf1 hxg3 28. fxg3 Bg4 29. Ba3 Qg5 30. Ra2 Ra8 31. Rf2 Qh6 32. Qc1 Bf3 33. b5 Bg4 34. Be2 Bh3 35. Bf1 Bg4 36. Bg2 Ra4 37. Bf1 Bf3 38. Qc3 Ra8 39. Be2 Ba5 40. Qc1 Be1 41. Qxe1 Bxe2 42. Qxe2 Rxa3 43. Qg4 Qe6 44. Qf4 Qe7 45. b6 cxb6 46. Qb8+ Qf8 47. c7 Ra8 48. Qxb6 Rc8 49. Qb7 Qe8 50. Rb2 Kh7 51. Rb5 Qe6 52. Rc5 Qg4 53. Qxd5 Qd1+ 54. Kg2 Qf3+ 55. Kh3 g6 56. Qe5 Qf1+ 57. Kh4 f6 58. Qe6 Kh6 59. Rh5+ gxh5 60. Qxc8 1-0